000 00704cam a22002175a 4500
001 L157727
008 130411s2013 xxk f 000 0 eng d
035 _a(Sirsi) u157727
041 0 _aeng
050 0 4 _a711.1 $2 18
100 1 _aDenyer-Green, Barry
245 0 0 _aDevelopment and Planning Law
250 _a4th
260 _aLondon
_bEstates Gazette
_c2013
300 _aliv, 416p
_c24cm
520 _aProvides a comprehensive outline of the law relating to development and planning. Extensively updated to reflect recent legal developments, especially the Planning Act 2008.
651 4 _aUnited Kingdom
690 _aPlanning and development
_96259
700 1 _aUbhi, Navjit
942 _n0
999 _c114937
_d114937